আয়কর নির্দেশিকা (Aykor Nirdeshika) / (Record no. 23)
[ view plain ]
| 000 -LEADER | |
|---|---|
| fixed length control field | 00459nam a22001577a 4500 |
| 003 - CONTROL NUMBER IDENTIFIER | |
| control field | BUBTL |
| 008 - FIXED-LENGTH DATA ELEMENTS--GENERAL INFORMATION | |
| fixed length control field | 140129b xxu||||| |||| 00| 0 eng d |
| 082 ## - DEWEY DECIMAL CLASSIFICATION NUMBER | |
| Classification number | 336.24/UDA |
| 100 ## - MAIN ENTRY--PERSONAL NAME | |
| 9 (RLIN) | 41 |
| Personal name | Helal Uddin |
| 245 ## - TITLE STATEMENT | |
| Title | আয়কর নির্দেশিকা (Aykor Nirdeshika) / |
| Remainder of title | |
| Statement of responsibility, etc. | Helal Uddin. |
| 260 ## - PUBLICATION, DISTRIBUTION, ETC. (IMPRINT) | |
| Place of publication, distribution, etc. | Dhaka, |
| Name of publisher, distributor, etc. | Prondith prokashoni, |
| Date of publication, distribution, etc. | c2000. |
| 300 ## - PHYSICAL DESCRIPTION | |
| Extent | 505p . : |
| Other physical details | ill . ; 20cm. |
| 856 ## - ELECTRONIC LOCATION AND ACCESS | |
| Password | 0 |
| Logon | 0 |
| Link text | Download |
| 942 ## - ADDED ENTRY ELEMENTS (KOHA) | |
| Source of classification or shelving scheme | |
| Koha item type | Books |
| Withdrawn status | Lost status | Source of classification or shelving scheme | Damaged status | Not for loan | Collection code | Permanent location | Current location | Shelving location | Date acquired | Inventory number | Total Checkouts | Full call number | Barcode | Date last seen | Copy number | Price effective from | Koha item type |
|---|---|---|---|---|---|---|---|---|---|---|---|---|---|---|---|---|---|
| Non-fiction | Bangladesh University of Business and Technology Library | Bangladesh University of Business and Technology Library | Management Stacks | 01/29/2014 | 23 | 336.24/UDA | BUBTL-200323 | 01/29/2014 | C-1 | 01/29/2014 | Books | ||||||
| Non-fiction | Bangladesh University of Business and Technology Library | Bangladesh University of Business and Technology Library | Management Stacks | 10/01/2020 | 3683 | 336.24/UDA | BUBTL-20033683 | 10/01/2020 | C-2 | 10/01/2020 | Books |
